Угадай Страну по Фото - Statistics

General Stats
  • This quiz has been taken 10 738 times
    10 708 since last reset
  • The average score is 9 of 15
Answer Stats
Picture Answer % Correct
Франция
100%
Россия
93%
Китай
68%
Австралия
67%
Объединенные Арабские Эмираты
67%
Италия
66%
Северная Корея
58%
Соединённые Штаты Америки
57%
Бразилия
56%
Норвегия
56%
Греция
55%
Германия
42%
Испания
41%
Куба
29%
Беларусь
24%
No matching quizzes found
Score Distribution
Percent of People with Each Score
Percentile by Number Answered
Your Score History
You have not taken this quiz since the last reset